Odas y sátiras completas / (Record no. 39468)
[ view plain ]
| 000 -CABECERA | |
|---|---|
| campo de control de longitud fija | 00504nam a2200157 a 4500 |
| 001 - NÚMERO DE CONTROL | |
| campo de control | 000039978 |
| 005 - FECHA Y HORA DE LA ÚLTIMA TRANSACCIÓN | |
| campo de control | 20201002033838.0 |
| 008 - DATOS DE LONGITUD FIJA--INFORMACIÓN GENERAL | |
| campo de control de longitud fija | 130801s1957 sp 000 0 spa d |
| 040 ## - FUENTE DE LA CATALOGACIÓN | |
| Centro catalogador/agencia de origen | DO-SdBNP |
| Lengua de catalogación | spa |
| Centro/agencia transcriptor | BNPHU |
| 082 ## - NÚMERO DE LA CLASIFICACIÓN DECIMAL DEWEY | |
| Número de clasificación | xxx |
| 100 1# - ENTRADA PRINCIPAL--NOMBRE DE PERSONA | |
| Nombre de persona | Horacio |
| 9 (RLIN) | 66199 |
| 245 10 - MENCIÓN DE TÍTULO | |
| Título | Odas y sátiras completas / |
| Mención de responsabilidad, etc. | Horacio ; traducción, prólogo y notas José Torrens Bejar. |
| 260 ## - PUBLICACIÓN, DISTRIBUCIÓN, ETC. | |
| Lugar de publicación, distribución, etc. | Barcelona, España : |
| Nombre del editor, distribuidor, etc. | Rafael Salvá, |
| Fecha de publicación, distribución, etc. | 1957. |
| 300 ## - DESCRIPCIÓN FÍSICA | |
| Extensión | 261 p. ; |
| Dimensiones | 19 cm. |
| 700 1# - PUNTO DE ACCESO ADICIONAL--NOMBRE DE PERSONA | |
| Nombre de persona | Torrens Bejar, José, |
| Término indicativo de función/relación | pról. |
| -- | tr. |
| 9 (RLIN) | 66200 |
| Estado de retiro | Estado de pérdida | Restricciones de uso | No para préstamo | Código de colección | Localización permanente | Ubicación/localización actual | Ubicación en estantería | Fecha de adquisición | Número de inventario | Total de préstamos | Signatura topográfica completa | Código de barras | Fecha visto por última vez | Precio válido a partir de | Tipo de ítem Koha |
|---|---|---|---|---|---|---|---|---|---|---|---|---|---|---|---|
| Excluido de préstamo | Monografías: Libros y Folletos | General | General | En catalogación | 01.08.2013 | LF1 | xxx | 39978-10 | 25.06.2020 | 25.06.2020 | No se presta |
